01227cam a22003015a 45000010009000000050017000090080041000260200015000670200018000820400038001000820023001381000023001612450072001842460062002562600043003183000033003615040051003946500055004456500042005006500037005426500031005796530023006108560088006338560076007219420008007979990017008059520103008221327364120180227104840.0030714s2006 ii a frb 001 0 eng d a8131202550 a9788131202555 aDLCcDLCdDLCdDLCdEG-ScBUEbeng04222a621.38132bMAL1 aMaloratsky, Leo G.10aPassive RF & microwave integrated circuits /cby Leo G. Maloratsky.3 aPassive radio frequency and microwave integrated circuits aNew Delhi :bElsevier / Newnes,c2006. axv, 368 p. :bill. ;c24 cm. aIncludes bibliographical references and index. 7aRadio frequency integrated circuits.2BUEsh937096 7aMicrowave integrated circuits.2BUEsh 7aAutomatic control.2BUEsh912316 7aPassive components.2BUEsh bGGENcFebruary2018423Publisher descriptionuhttp://www.loc.gov/catdir/description/els041/2003059301.html413Table of contentsuhttp://www.loc.gov/catdir/toc/els041/2003059301.html 2ddc c26174d26146 00102ddc4070aMAINbMAINc1STd2018-02-27l0o621.38132 MALp000047289r2025-07-15 00:00:00yBB